Chapter The Community Education Program: A Reflection on Good Practice in the USA (Record no. 32350)

MARC details
000 -LEADER
fixed length control field 00581nam a2200121Ia 4500
008 - FIXED-LENGTH DATA ELEMENTS--GENERAL INFORMATION
fixed length control field 220620s9999||||xx |||||||||||||| ||und||
100 ## - MAIN ENTRY--PERSONAL NAME
Personal name Douglas, Miriam
245 #0 - TITLE STATEMENT
Title Chapter The Community Education Program: A Reflection on Good Practice in the USA
546 ## - LANGUAGE NOTE
Language note English[eng]
650 ## - SUBJECT ADDED ENTRY--TOPICAL TERM
Topical term or geographic name entry element Community Education Program (CEP)||formal/non-formal/informal education||lifelong learner (LLL)||national qualifications frameworks (NQFs)||transnational/global||Germany/United States of America.
856 ## - ELECTRONIC LOCATION AND ACCESS
Uniform Resource Identifier <a href="https://library.oapen.org/bitstream/20.500.12657/56174/1/14719.pdf">https://library.oapen.org/bitstream/20.500.12657/56174/1/14719.pdf</a>
942 ## - ADDED ENTRY ELEMENTS (KOHA)
Koha item type E-Books
Holdings
Withdrawn status Lost status Damaged status Not for loan Home library Current library Date acquired Total Checkouts Date last seen Price effective from Koha item type
        Kerala University of Digital Sciences, Innovation and Technology Knowledge Centre Kerala University of Digital Sciences, Innovation and Technology Knowledge Centre 20/06/2022   20/06/2022 20/06/2022 E-Books